000 00417nam a22001697a 4500
005 20180417114412.0
008 160622b xxu||||| |||| 00| 0 eng d
020 _a81-8054-597-4
041 _aeng
082 _b9183
_a346.07
100 _aKapoor, N.D.
_9534
245 _aElements of Mercentile law
260 _a New Delhi
_bSultan Chand & Sons,
_c2009
300 _a959
650 _aManagement
_9241
942 _cBK
999 _c3541
_d3540